[Event "Let's Play Chess!"]
[Site "http://www.queenalice.com/game.php?id=1053334"]
[Date "2012.4.28"]
[Round "-"]
[White "rexempire"]
[Black "feliz70"]
[Result "1/2-1/2"]
[WhiteElo "2297"]
[BlackElo "2441"]

1. d4 Nf6 2. c4 e6 3. Nf3 b6 4. g3 c6 5. Bg2 Ba6 6. Qc2 d5 7. Nbd2 Nbd7 8. O-O
Be7 9. b3 O-O 10. e4 Rc8 11. Bb2 c5 12. exd5 exd5 13. Rad1 cxd4 14. Nxd4 b5 15.
Nf5 bxc4 16. bxc4 Re8 17. Bxd5 Bf8 18. Bg2 Qa5 19. Ne3 Ne5 20. Qf5 Bxc4 21.
Ndxc4 Nxc4 22. Nd5 Nxd5 23. Bxd5 Rc7 24. Ba1 h6 25. h4 Ree7 26. Qf4 Nb6 27. Bb3
1/2-1/2

[Event "Let's Play Chess!"]
[Site "http://www.queenalice.com/game.php?id=1057018"]
[Date "2012.5.6"]
[Round "-"]
[White "ulisses67"]
[Black "feliz70"]
[Result "0-1"]
[WhiteElo "1590"]
[BlackElo "2440"]

1. c4 Nf6 2. Nc3 e5 3. e4 Bc5 4. Nf3 Ng4 5. Be2 Nxf2 6. Qa4 Nxh1 7. Nxe5 Qh4+ 8.
Kd1 Qxh2 9. Nf3 Qxg2 10. d3 Ng3 11. d4 Nxe2 12. Ne1 Nxc3+ 0-1

[Event "Let's Play Chess!"]
[Site "http://www.queenalice.com/game.php?id=1057019"]
[Date "2012.5.6"]
[Round "-"]
[White "feliz70"]
[Black "ulisses67"]
[Result "1-0"]
[WhiteElo "2439"]
[BlackElo "1592"]

1. d4 d5 2. c4 Nf6 3. cxd5 Qxd5 4. Nc3 Qf5 5. Nf3 b6 6. e4 Nxe4 7. Bd3 Qg6 8.
Bxe4 Bf5 9. Bxa8 Qxg2 10. Rg1 Qh3 11. Qa4+ Bd7 12. Qxa7 1-0

[Event "alékhine"]
[Site "http://www.queenalice.com/game.php?id=1058990"]
[Date "2012.5.12"]
[Round "-"]
[White "DAPONT"]
[Black "feliz70"]
[Result "0-1"]
[WhiteElo "2143"]
[BlackElo "2450"]

1. Nf3 g6 2. e4 c5 3. d4 cxd4 4. Nxd4 Bg7 5. Bc4 Qa5+ 6. c3 Nc6 7. Nxc6 bxc6 8.
Qf3 Nf6 9. Nd2 O-O 10. O-O d5 11. exd5 cxd5 12. Bb3 e5 13. h3 Bb7 14. Rd1 Qc7
15. Qg3 a5 16. Nf3 a4 17. Bc2 Nh5 18. Qh4 a3 19. Rb1 d4 20. Be4 Bxe4 21. Qxe4
axb2 22. Bxb2 dxc3 23. Rdc1 Ng3 24. fxg3 Qb6+ 25. Kh2 cxb2 26. Rf1 Qb5 27. Ng5
Rxa2 28. Rf2 h6 29. Nf3 f5 30. Qe3 e4 31. Nd4 Qb6 32. Qb3+ Qxb3 33. Nxb3 Rb8 0-1

[Event "lasker"]
[Site "http://www.queenalice.com/game.php?id=1058991"]
[Date "2012.5.12"]
[Round "-"]
[White "feliz70"]
[Black "DAPONT"]
[Result "1-0"]
[WhiteElo "2452"]
[BlackElo "2140"]

1. d4 Nf6 2. c4 e5 3. dxe5 Ng4 4. Bf4 Bb4+ 5. Nd2 Nc6 6. Nf3 Qe7 7. e3 Ngxe5 8.
Nxe5 Nxe5 9. Be2 O-O 10. O-O d6 11. Nb3 Bf5 12. a3 Bc5 13. Nxc5 dxc5 14. Qd5
Rfe8 15. b4 b6 16. bxc5 Qxc5 17. Qxc5 bxc5 18. Rfd1 Rab8 19. Rd5 f6 20. Rxc5 Rb2
21. Bf1 Re7 22. Rb5 Rc2 23. Bxe5 fxe5 24. Rb7 Rd7 25. Rxa7 Rdd2 26. Rxc7 Rxf2
27. a4 Be4 28. Rd1 Rf8 29. a5 Ra2 30. Ra7 h5 31. c5 Rf6 32. Bc4+ Kh7 33. Bxa2
1-0

[Event "Let's Play Chess!"]
[Site "http://www.queenalice.com/game.php?id=1059253"]
[Date "2012.5.13"]
[Round "-"]
[White "Pater"]
[Black "feliz70"]
[Result "0-1"]
[WhiteElo "2418"]
[BlackElo "2442"]

1. g4 d5 2. h3 h5 3. g5 e5 4. Nc3 Nc6 5. d3 Nge7 6. Nf3 Be6 7. Bd2 Qd7 8. e3
O-O-O 9. Bg2 Kb8 10. a3 Ng6 11. Qe2 Be7 12. O-O-O d4 13. Ne4 Qd5 14. c4 dxc3 15.
Bxc3 f5 16. gxf6 gxf6 17. Ng3 Qa2 18. Nd2 h4 19. Nh5 Bf7 20. Rhg1 Nf8 21. Ng7
Bg6 22. Be4 Bxe4 23. Nxe4 Bxa3 24. Qc2 Bb4 25. b3 Qa5 26. Kb1 Bxc3 27. Qxc3 Qxc3
28. Nxc3 Ne7 29. Kc2 b6 30. b4 a6 31. Rdf1 Kb7 32. f4 Nc6 33. fxe5 Nxb4+ 34. Kb3
Nc6 35. exf6 Rxd3 36. Nf5 Nd7 37. f7 Nde5 38. Rg7 Rf8 39. Rd1 Rxd1 40. Nxd1 Nxf7
41. Nxh4 Nd6 42. Ng2 Rf1 43. Nb2 Nf5 44. Rd7 Rf3 45. Nd1 Rxh3 46. Nf4 Rh6 47.
Nd5 Rd6 48. Rxd6 Nxd6 49. N1c3 Ne5 50. Kb4 Nec4 51. e4 c5+ 52. Kb3 Nd2+ 53. Ka2
N2xe4 54. Na4 b5 55. Nab6 Kc6 0-1

[Event "Let's Play Chess!"]
[Site "http://www.queenalice.com/game.php?id=1059254"]
[Date "2012.5.13"]
[Round "-"]
[White "feliz70"]
[Black "Pater"]
[Result "1/2-1/2"]
[WhiteElo "2442"]
[BlackElo "2417"]

1. d4 Nf6 2. c4 e5 3. dxe5 Ng4 4. e3 Nxe5 5. Nc3 g6 6. f4 Nec6 7. Nf3 Bg7 8. Bd3
O-O 9. O-O d6 10. Bd2 Na6 11. Be1 Be6 12. a3 Nc5 13. b4 Nxd3 14. Qxd3 Qd7 15.
Rd1 Rfe8 16. Bh4 a6 17. Rc1 Ne7 18. e4 f5 19. Rfe1 Qc6 20. Nd2 Rab8 21. exf5
Bxf5 22. Nce4 d5 23. cxd5 Qxd5 24. Qf3 Qd4+ 25. Bf2 Qd7 26. Nb3 Bxe4 27. Rxe4
Nd5 28. Nc5 Qf7 29. g3 Rxe4 30. Nxe4 Rd8 31. Re1 c6 32. Kg2 h6 33. h3 Rd7 34.
Kh2 1/2-1/2

[Event "Let's Play Chess!"]
[Site "http://www.queenalice.com/game.php?id=1063175"]
[Date "2012.5.23"]
[Round "-"]
[White "charles31"]
[Black "feliz70"]
[Result "0-1"]
[WhiteElo "1765"]
[BlackElo "2441"]

1. Nc3 g6 2. e4 Bg7 3. d4 a6 4. e5 d6 5. exd6 Qxd6 6. Be3 Nc6 7. d5 Nb4 8. Bc4
Bxc3+ 9. bxc3 Nf6 10. cxb4 Qxb4+ 11. Qd2 Qxc4 12. Bd4 O-O 13. Ne2 Nxd5 14. O-O
Rd8 15. c3 c5 16. Be5 Bf5 17. Rad1 f6 18. Bg3 Rd7 19. Qc1 Qxe2 20. Rfe1 Qc4 21.
Qb2 e5 22. h3 Qxc3 23. Qxc3 Nxc3 24. Rxd7 Bxd7 25. Rc1 Ne2+ 0-1

[Event "Challenge"]
[Site "http://www.queenalice.com/game.php?id=1064384"]
[Date "2012.5.26"]
[Round "-"]
[White "feliz70"]
[Black "Cavendi"]
[Result "1/2-1/2"]
[WhiteElo "2443"]
[BlackElo "2319"]

1. d4 Nf6 2. c4 g6 3. f3 Nc6 4. Nc3 d5 5. e4 dxe4 6. d5 Ne5 7. fxe4 c6 8. Nf3
Nxf3+ 9. gxf3 Bg7 10. Be3 cxd5 11. cxd5 O-O 12. Qd2 Qd6 13. Nb5 Qe5 14. O-O-O
Bd7 15. Kb1 e6 16. Nc3 Qh5 17. Qg2 Rac8 18. Qh3 a6 19. Rg1 Rfe8 20. Bg5 Rc5 21.
Bd2 1/2-1/2

[Event "Let's Play Chess!"]
[Site "http://www.queenalice.com/game.php?id=1066655"]
[Date "2012.6.1"]
[Round "-"]
[White "feliz70"]
[Black "microcephalec"]
[Result "1-0"]
[WhiteElo "2441"]
[BlackElo "1557"]

1. d4 Nf6 2. Nf3 e6 3. c4 Nc6 4. a3 b6 5. Nc3 Be7 6. d5 exd5 7. cxd5 Nb8 8. e4
d6 9. Bb5+ c6 10. dxc6 O-O 11. Qa4 Qc7 12. O-O a6 13. Nd5 Nxd5 14. exd5 Bf5 15.
Re1 h6 16. Bf1 Qc8 17. Rxe7 b5 18. Qf4 Bg6 19. Qxd6 a5 20. Ne5 a4 21. Nxg6 fxg6
22. Qxg6 1-0

[Event "Let's Play Chess!"]
[Site "http://www.queenalice.com/game.php?id=1067558"]
[Date "2012.6.3"]
[Round "-"]
[White "mattiazap"]
[Black "feliz70"]
[Result "0-1"]
[WhiteElo "1698"]
[BlackElo "2442"]

1. e4 c5 2. d4 cxd4 3. c3 dxc3 4. Nxc3 e6 5. Nf3 a6 6. Bc4 b5 7. Bb3 Bb7 8. O-O
b4 9. Na4 Bxe4 10. Be3 Nc6 11. Ng5 Bg6 12. Rc1 Nf6 13. Bc5 Be7 14. Qe2 O-O 0-1

[Event "Challenge"]
[Site "http://www.queenalice.com/game.php?id=1068044"]
[Date "2012.6.4"]
[Round "-"]
[White "leoskye"]
[Black "feliz70"]
[Result "0-1"]
[WhiteElo "2096"]
[BlackElo "2439"]

1. d4 Nf6 2. c4 e6 3. Nc3 Bb4 4. Qc2 O-O 5. a3 Bxc3+ 6. Qxc3 h6 7. Nf3 b6 8. g3
Bb7 9. Bg2 a5 10. O-O a4 11. Nd2 Bxg2 12. Kxg2 Qc8 13. f3 c5 14. e4 cxd4 15.
Qxd4 Qc7 16. f4 d6 17. Qd3 Nbd7 18. Re1 Nc5 19. Qe2 Qc6 20. Qf3 Rac8 21. e5 dxe5
22. Qxc6 Rxc6 23. fxe5 Ng4 24. Nf3 Nb3 25. Rb1 Rxc4 26. Be3 Rc2+ 27. Kg1 f6 28.
Bxb6 fxe5 29. Nxe5 Nxe5 30. Rxe5 Nd2 0-1

[Event "Let's Play Chess!"]
[Site "http://www.queenalice.com/game.php?id=1071975"]
[Date "2012.6.14"]
[Round "-"]
[White "feliz70"]
[Black "fortunato"]
[Result "1-0"]
[WhiteElo "2440"]
[BlackElo "2291"]

1. d4 d5 2. c4 e6 3. Nf3 dxc4 4. Nc3 Bb4 5. e3 f5 6. Bxc4 Nf6 7. O-O O-O 8. Qb3
Qe7 9. Ng5 Re8 10. Nxe6 Bxe6 11. Bxe6+ Qxe6 12. Qxb4 b6 13. Qa4 Nc6 14. Bd2 a6
15. Ne2 b5 16. Qb3 Ne4 17. Qxe6+ Rxe6 18. Rfd1 Rd8 19. Rac1 Red6 20. Be1 Nf6 21.
Rc5 Nd5 22. Rdc1 Nde7 23. f3 R8d7 24. h4 g6 25. h5 Kf7 26. Bg3 Rf6 27. Bh4 Rfd6
28. hxg6+ hxg6 29. Nf4 Nb4 30. a3 Nbd5 31. Nd3 Ke8 32. Ne5 Rd8 33. e4 Nf6 34.
Rxc7 Nfg8 35. d5 Kf8 36. Rb7 fxe4 37. Rcc7 Rxd5 38. Bxe7+ Nxe7 39. Rxe7 1-0

[Event "Challenge"]
[Site "http://www.queenalice.com/game.php?id=1072429"]
[Date "2012.6.15"]
[Round "-"]
[White "Cavendi"]
[Black "feliz70"]
[Result "0-1"]
[WhiteElo "2319"]
[BlackElo "2445"]

1. e4 c5 2. Nf3 e6 3. d4 cxd4 4. Nxd4 a6 5. Nc3 b5 6. Bd3 Qb6 7. Nf3 Qc7 8. O-O
Nc6 9. Re1 Bc5 10. e5 f5 11. exf6 Nxf6 12. Ne4 Nxe4 13. Bxe4 O-O 14. Qd3 h6 15.
Be3 Bxe3 16. Rxe3 d5 17. Bg6 Bd7 18. Rae1 Rf6 19. Bh5 Qf4 20. c3 Qa4 21. a3 Qc4
22. Qd1 Be8 23. Bxe8 Rxe8 24. Ne5 Nxe5 25. Rxe5 Qc5 26. R1e2 Re7 0-1

[Event "URANUS !"]
[Site "http://www.queenalice.com/game.php?id=1073243"]
[Date "2012.6.17"]
[Round "-"]
[White "URANUS"]
[Black "feliz70"]
[Result "1/2-1/2"]
[WhiteElo "2438"]
[BlackElo "2441"]

1. e4 c5 2. Nf3 e6 3. d4 cxd4 4. Nxd4 a6 5. Bd3 Bc5 6. Nb3 Be7 7. O-O d6 8. Qg4
g6 9. Qg3 Nd7 10. a4 b6 11. Nc3 Bb7 12. f3 Ngf6 13. Bh6 Nh5 14. Qf2 g5 15. Ne2
Ne5 16. f4 gxf4 17. Nxf4 Nf6 18. Bg7 Neg4 19. Qf3 Rg8 20. Bxf6 Nxf6 21. c3 Rg5
22. Nd4 Qd7 23. Nh3 Rg7 1/2-1/2

[Event "Let's Play Chess!"]
[Site "http://www.queenalice.com/game.php?id=1073244"]
[Date "2012.6.17"]
[Round "-"]
[White "feliz70"]
[Black "URANUS"]
[Result "1/2-1/2"]
[WhiteElo "2441"]
[BlackElo "2438"]

1. d4 Nf6 2. c4 Nc6 3. Nf3 e6 4. a3 d5 5. Nc3 g6 6. Bf4 Bg7 7. e3 O-O 8. cxd5
exd5 9. h3 Bf5 10. Rc1 Ne7 11. Qb3 b6 12. Ba6 Bc8 13. Bxc8 Qxc8 14. O-O c6 15.
a4 Qd8 16. Rc2 c5 17. dxc5 bxc5 18. Qa3 Rc8 19. Nb5 Ne4 20. Nxa7 Ra8 21. Nb5 Nc6
22. Rxc5 Nxc5 23. Qxc5 Qd7 24. b3 Na5 25. Rb1 Qf5 26. Qc1 Rfc8 27. Qd1 Qc2 28.
Qxc2 Rxc2 29. Nc7 Rd8 30. b4 Nc4 31. a5 d4 32. exd4 Bxd4 33. Bg3 Ra2 34. Rc1 Nd2
35. Nxd2 Rxd2 36. b5 Ra2 37. a6 Ba7 38. Rc6 Rb2 1/2-1/2

[Event "Summer Knights"]
[Site "http://www.queenalice.com/game.php?id=1073819"]
[Date "2012.6.20"]
[Round "-"]
[White "attachui"]
[Black "feliz70"]
[Result "0-1"]
[WhiteElo "2104"]
[BlackElo "2450"]

1. d4 Nf6 2. c4 e6 3. Nc3 Bb4 4. Qc2 O-O 5. Nf3 Nc6 6. a3 Bxc3+ 7. Qxc3 d6 8.
Bg5 h6 9. Bh4 Re8 10. e3 e5 11. dxe5 Nxe5 12. Nxe5 Rxe5 13. Qc2 Bf5 14. Bd3 Bxd3
15. Qxd3 Qe7 16. O-O g5 17. Bg3 Re6 18. Qf5 Ne4 19. Rae1 Nd2 20. h4 gxh4 21. Bf4
Nxf1 22. Kxf1 Rg6 23. Rd1 Qe6 24. Qb5 Kh7 25. f3 Rag8 26. Rd2 Rxg2 27. Rxg2 Qh3
28. Qd5 Qxg2+ 29. Ke1 Qh1+ 30. Kd2 Rg2+ 31. Kc3 Qc1+ 32. Kb3 Rxb2+ 0-1

[Event "2"]
[Site "http://www.queenalice.com/game.php?id=1075086"]
[Date "2012.6.22"]
[Round "-"]
[White "Kir"]
[Black "feliz70"]
[Result "1/2-1/2"]
[WhiteElo "1954"]
[BlackElo "2442"]

1. c4 g6 2. d4 Bg7 3. Nc3 d6 4. e4 Na6 5. Nf3 c5 6. d5 Bg4 7. Be2 Nf6 8. O-O O-O
9. Qb3 Qb6 10. Qxb6 axb6 11. a3 Nb4 12. Rb1 Bxf3 13. Bxf3 Nc2 14. Nb5 Nd4 15.
Nxd4 cxd4 16. Rd1 Nd7 17. Kf1 h6 18. h4 Nc5 19. h5 g5 20. Ke1 Kh8 21. Ke2 Be5
22. g3 Kg7 23. Re1 f5 24. exf5 Rxf5 25. Bg4 Rff8 26. Bd2 Ne4 27. f3 Nxg3+ 28.
Kf2 Nf5 29. Re4 Ra4 30. Rc1 Rf6 31. Kg2 Kf7 32. Kf2 Kg7 33. Kg2 1/2-1/2

[Event "2A"]
[Site "http://www.queenalice.com/game.php?id=1075087"]
[Date "2012.6.22"]
[Round "-"]
[White "feliz70"]
[Black "Kir"]
[Result "1-0"]
[WhiteElo "2439"]
[BlackElo "2004"]

1. d4 Nf6 2. g3 d5 3. Bg2 c5 4. dxc5 e6 5. b4 a5 6. c3 b6 7. a4 Bb7 8. Nf3 axb4
9. cxb4 bxc5 10. b5 Qa5+ 11. Bd2 Qb6 12. Qc2 Ne4 13. O-O Nxd2 14. Nbxd2 Be7 15.
e4 O-O 16. exd5 exd5 17. Rfe1 Bf6 18. Rac1 Nd7 19. Bh3 Qc7 20. Bxd7 Qxd7 21.
Qxc5 Rxa4 22. Ne5 Bxe5 23. Rxe5 Rc8 24. Rce1 Ra1 25. Qxc8+ Bxc8 26. Rxa1 f6 27.
Ree1 Qxb5 28. Re7 h5 29. Ra8 Qc6 30. Raa7 Qc1+ 31. Kg2 Kh7 32. Rxg7+ Kh6 33.
Rh7+ Kg6 34. Rag7+ Kf5 35. Nf3 Ba6 36. Rxh5+ Ke6 37. Nd4+ Kd6 38. Nf5+ Kc6 39.
Ne3 Bd3 40. Rf7 Qa1 41. Rh6 d4 42. Rfxf6+ Kb5 43. Rh5+ Kb4 44. Rf4 Kc3 45. Rc5+
1-0

[Event "Let's Play Chess!"]
[Site "http://www.queenalice.com/game.php?id=1076403"]
[Date "2012.6.26"]
[Round "-"]
[White "feliz70"]
[Black "Zorro64"]
[Result "1-0"]
[WhiteElo "2442"]
[BlackElo "2208"]

1. d4 d5 2. c4 c6 3. Nf3 Nf6 4. Nc3 e6 5. e3 a6 6. Be2 Nbd7 7. O-O Be7 8. a4 O-O
9. a5 Qc7 10. Bd2 Ne4 11. Be1 Ndf6 12. Na4 Bd7 13. Ne5 dxc4 14. Bxc4 Rfd8 15.
Bd3 Be8 16. Qc2 Nd6 17. Bb4 g6 18. Bc5 Nc8 19. f4 Nd7 20. Nxd7 Bxd7 21. b4 Re8
22. Rad1 Nd6 23. e4 Nb5 24. Bxe7 Rxe7 25. Bxb5 axb5 26. d5 bxa4 27. d6 Qd8 28.
dxe7 Qxe7 29. Qxa4 Be8 30. Qa3 f6 31. Qc3 Rc8 32. Qc4 1-0

[Event "Challenge"]
[Site "http://www.queenalice.com/game.php?id=1078993"]
[Date "2012.7.3"]
[Round "-"]
[White "feliz70"]
[Black "Olavio"]
[Result "1-0"]
[WhiteElo "2438"]
[BlackElo "1664"]

1. d4 d5 2. c4 Bf5 3. cxd5 Bxb1 4. Qa4+ c6 5. Rxb1 Qxd5 6. Nf3 e6 7. e3 a5 8. a3
b5 9. Qc2 Nf6 10. Bd3 g6 11. e4 Qh5 12. e5 Nfd7 13. h3 Qxf3 14. gxf3 h5 15. Bxb5
c5 16. dxc5 Bh6 17. Bxh6 Rxh6 18. c6 Nxe5 19. c7+ Nbd7 20. c8=R+ Rxc8 21. Qxc8+
Ke7 22. Bxd7 Nxd7 23. Rd1 Kf6 24. Rxd7 g5 25. h4 Kf5 26. Rxf7+ Rf6 27. Qc2+ Ke5
28. Qc5+ Kf4 29. Rxf6# 1-0